Представление документа в формате RUSMARC

Поле Инд. ПП Название Значение
Тип записи a
Библиографический уровень a
001 Контрольный номер 0569120ab5784bfda48c4502f3b5879e
005 Дата корректировки 20190201114942.6
100 a Данные общей обработки 20190201 ||| 0rusy0189 ca
101 0_ a Язык текста rus
102 a Страна публикации RU
200 1_ f Первые сведения об ответственности О.В. Смирнова
a Заглавие Некоторые вопросы проведения органами прокуратуры антикоррупционной экспертизы нормативных правовых актов
b Общее обозначение материала Электронный ресурс
210 1_ d Дата издания 2018
461 _0 1 2000
a Закон и право
463 _0 1 2000
a № 12
v С. 125-127
1 2101
d 2018
1 0015f466bb8753f44a98aa773b211b7b3ee
606 a Основная рубрика Правоохранительные и судебные органы
610 0_ a Ключевые слова ПРОКУРОРСКАЯ ДЕЯТЕЛЬНОСТЬ
a Ключевые слова ЭКСПЕРТИЗА ПРАВОВАЯ
a Ключевые слова КОРРУПЦИЯ
a Ключевые слова НОРМАТИВНЫЕ ПРАВОВЫЕ АКТЫ
700 _1 a Фамилия Смирнова
b Имя О.В.
801 _0 a Страна RU
b Организация РГУП
c Дата составления 20190201
g Правила каталогизации PSBO
801 _1 a Страна RU
b Организация РГУП
c Дата составления 20190201
g Правила каталогизации PSBO
901 t Тип документа b
w Контрольный № источника 5f466bb8753f44a98aa773b211b7b3ee
905 a Дата ввода 20190201